| Record ID | ia:javascriptessent0000mang |
| Source | Internet Archive |
| Download MARC XML | https://archive.org/download/javascriptessent0000mang/javascriptessent0000mang_marc.xml |
| Download MARC binary | https://www.archive.org/download/javascriptessent0000mang/javascriptessent0000mang_meta.mrc |
LEADER: 00730cam a2200241 a 4500
001 97107171
003 DLC
005 19991028140700.0
008 961106s1996 caua 001 0 eng d
010 $a 97107171
020 $a0078822343
035 $a(OCoLC)35851037
040 $aMnSACE$cMnSACE$dDLC
042 $alccopycat
050 04 $aQA76.73.J39$bM37 1996
082 00 $a005.2/762$221
100 1 $aManger, Jason J.,$d1968-
245 10 $aJavaScript essentials /$cJason J. Manger.
260 $aBerkeley, Calif. :$bOsborne McGraw-Hill,$cc1996.
300 $axxxvii, 541 p. :$bill. ;$c23 cm. +$e1 computer disk (3 1/2 in.)
500 $aIncludes index.
650 0 $aJavaScript (Computer program language)
650 0 $aWorld Wide Web.